000
00290nam a22001337a 4500
008
181102b xxu||||| |||| 00| 0 eng d
020
_a
0030568368
041
_a
eng
080
_2
2nd
_a
101
100
_a
24
101
_a
FIL
245
_a
Practical Logic
_c
Barry,V.E
942
_2
udc
_c
BK
999
_c
51748
_d
51748